000 00541nam a22001937a 4500
005 20251108175200.0
008 250721s1995 xx 000 0 ara d
082 1 4 _aط/210.4/حسن
100 1 _aحسن، احمد
245 1 0 _aالحبيبتان : العينان /
264 1 _aالقاهرة :
_bاطفالنا،
_c1995.
490 0 _aنعم الله
650 1 7 _aالاطفال
650 1 7 _aالاسلام
650 1 7 _aالعيون
653 _aناشئون صغار (10-14) سنة
942 _2ddc
_cBK
999 _c128112
_d128112